000 01277cam a2200289 4500
008 010921n2002 000 0 eng u
020 _a0632058420
035 _a(Sirsi) u114717
041 _aeng.
050 _a333.33
100 _aGuy, S.
245 _aDevelopment and developers: perspectives on property
260 _aOxford
_bBlackwell Science Limited
_c2002
300 _axii,308p.
_c25cm.
350 _a32.50
490 _aBlackwell Real Estate Issues
520 _aPresents an interdisciplinary view of property development and property developers. Includes fourteen contributions from leading researchers and respected practitioners. Among the areas explored are: the development of qualitative and quantitative research methods; theories ranging from mainstream economics to social constructivism; and the inter-relationships between the economic and the social, and between individuals and organisations and their environments.
650 _aPROPERTY DEVELOPERS
650 _aRESEARCH METHODS
650 _aPROPERTY DEVELOPMENT
650 _aPROPERTY RESEARCH
650 _aREAL ESTATE MARKET
690 _aDEVELOPMENT
700 _aHenneberry, John M.
710 _aRoyal Institution of Chartered Surveyors
_bFoundation
_94173
942 _n0
999 _c101643
_d101643